Causes of Death (US) Quiz Stats

 Plays Quiz Updated Apr 17, 2018

Score 0/10 Timer 04:00
5 Plays Today
Rank Cause % Correct
2Cancer
94.5%
1Heart disease
87.8%
4Accidents
82.1%
10Intentional self-harm
65.2%
5Stroke
49%
7Diabetes
39.4%
8Influenza and Pneumonia
34.7%
3Chronic lower respiratory disease
33.7%
9Kidney disease
23%
6Alzheimer's disease
16.5%

You're not logged in!

Compare scores with friends on all Sporcle quizzes.
OR
Log In

Show Comments

Extras

Top Quizzes Today


Score Distribution

Your Account Isn't Verified!

In order to create a playlist on Sporcle, you need to verify the email address you used during registration. Go to your Sporcle Settings to finish the process.

Report this User

Report this user for behavior that violates our Community Guidelines.

Details: